000 02064cam a22003255i 4500
001 24136085
005 20260328162655.0
008 250402s2025 nyu 000 0 eng
020 _a9780198895442
035 _a24136085
040 _aDLC
_beng
_erda
_cDLC
041 _aeng
050 _a JZ5588
_b.C675 2022
100 1 _aCollins, Alan,
245 1 0 _aContemporary security studies /
_c edited by Alan Collins.
250 _aSeventh edition.
264 1 _aNew York :
_bOxford University Press,
_c2022.
300 _a556 pages:
_billustrations;
_c24.5 cm.
336 _atext
_btxt
_2rdacontent
337 _aunmediated
_bn
_2rdamedia
338 _avolume
_bnc
_2rdacarrier
504 _aIncludes bibliographical references and index.
520 _a"Contemporary Security Studies focuses on key theoretical approaches and the critical issues shaping todays global security landscape. It offers a uniquely engaging introduction to security studies, addressing key theories and contemporary issues in the field. The book is made up of three parts. The first part looks at approaches to security. It has chapters on topics such as realism, liberalism, historical materialism, peace studies, and social constructivism. There are also chapters covering secularization theory and critical studies. This part of the book provides further analysis on gender, postcolonialism, human and nonhuman security, and popular culture. The second part delves deeper into security studies by examining such topics as military, regional, and societal security. It also looks at environmental and economic security, and globalization and development. The third part is about traditional and non-traditional forms of security. This final part examines weapons of mass destruction, terrorism, energy, health, cyber security, and the future of security studies"--
_cProvided by publisher.
650 0 _aSecurity, International.
650 0 _aNational security.
650 0 _aInternational relations.
650 0 _aSecurity studies
942 _2lcc
_cBK
_n0
999 _c30507
_d30507